000 00578nam a2200181Ia 4500
003 LK-CoDNM
008 010623t2001 xxu||||| |||| 00| 1 sin d
040 _aLK-CoDNM
_dLK-CoDNM
_eLK-CoDNM
041 _asin
080 _a396
_bDEA
100 _aDe Alvis,Malati
245 _aශ්‍රී ලංකාවේ ස්ත්‍රීන් ජන්ද බලයට කළ සටන
246 _aSri Lankawe Streen Chanda Balayata Kala Satana
260 _bSociologist Association
_aColombo
_c2001
300 _b106p,pl, 21 cm
700 _aJayawardena,Kumari
942 _cBK
999 _c121506
_d121506